| 000 | 00438nam a2200145Ia 4500 | ||
|---|---|---|---|
| 008 | 151213s9999 xx 000 0 und d | ||
| 100 | _aFlorence Elliatt & Michal Summershill | ||
| 245 |
_aA Dictionary Of Politics _cFlorence Elliatt & Michal Summershill |
||
| 260 |
_aLondon _bPenguing _c1961 |
||
| 300 | _a8377 p. | ||
| 650 | _aEnglish | ||
| 650 | _aEnglish Literature | ||
| 700 | _aFlorence Elliatt & Michal Summershill | ||
| 999 |
_c4215 _d4215 |
||